000 00445nam a22001697a 4500
999 _c523846
_d523846
003 NUST
038 _awaseem
082 _a891.439
_bARI
100 _aArif, Iftikhar
_914434
245 _aSamahi Adabiyat /
_cIftikhar Arif
260 _aIslamabad :
_bAcademy Adabiyat,
_cN.D.
300 _a348 p. ;
500 _aPaperback.
880 _6100-02\r
_aافتخار عارف
880 _6245-02\r
_aسہ ماھی ادبیات /
942 _2ddc
_cBK